000 00358pab a2200145 454500
008 180718b1996 xxu||||| |||| 00| 0 eng d
100 _aWickramasinghe, J.W.
245 _aAn enquiry into the definition of human poverty
260 _c1996
300 _ap.377-84
362 _aDec
650 _aPoverty
773 _aAsian Economic Review
909 _a33835
999 _c33835
_d33835